Catálogo - Centro de Recursos para el Aprendizaje y la Investigación

Volver al Sitio - CRAI Biblioteca

Breve reseña histórica de la suprema corte de justicia de la nación / (Registro nro. 113963)

Detalles MARC
000 -CABECERA
campo de control de longitud fija 00792nam a2200229 4500
001 - NÚMERO DE CONTROL
campo de control 113963
003 - IDENTIFICADOR DEL NÚMERO DE CONTROL
campo de control DR-UNIBE
005 - FECHA Y HORA DE LA ÚLTIMA TRANSACCIÓN
campo de control 20250728142705.0
008 - DATOS DE LONGITUD FIJA--INFORMACIÓN GENERAL
campo de control de longitud fija 250728b2005 mx ||||| |||| 00| 0 spa d
020 ## - NÚMERO INTERNACIONAL ESTÁNDAR DEL LIBRO
Número Internacional Estándar del Libro 9789707125421
040 ## - FUENTE DE LA CATALOGACIÓN
Centro catalogador/agencia de origen BIBLIOTECA UNIBE
Lengua de catalogación spa
Centro/agencia transcriptor BIBLIOTECA UNIBE
Normas de descripción rda
041 ## - CÓDIGO DE LENGUA
Código de lengua del texto/banda sonora o título independiente spa
082 ## - NÚMERO DE LA CLASIFICACIÓN DECIMAL DEWEY
Número de edición 22
Número de clasificación 345.1972 P222b
100 10 - ENTRADA PRINCIPAL--NOMBRE DE PERSONA
Nombre de persona Parada Gay, Francisco
9 (RLIN) 197747
Término indicativo de función/relación autor
245 10 - MENCIÓN DE TÍTULO
Título Breve reseña histórica de la suprema corte de justicia de la nación /
Mención de responsabilidad, etc. Francisco, Parada Gay
250 ## - MENCIÓN DE EDICIÓN
Mención de edición Edición facsimilar 1926
260 ## - PUBLICACIÓN, DISTRIBUCIÓN, ETC.
Lugar de publicación, distribución, etc. México :
Nombre del editor, distribuidor, etc. Poder Judicial de la Federación,
Fecha de publicación, distribución, etc. 2005
300 ## - DESCRIPCIÓN FÍSICA
Extensión 82 páginas :
Dimensiones 21 x 16 cm
500 ## - NOTA GENERAL
Nota general Información del autor en la solapa
650 #7 - PUNTO DE ACCESO ADICIONAL DE MATERIA--TÉRMINO DE MATERIA
Fuente del encabezamiento o término lemb
Término de materia o nombre geográfico como elemento de entrada Suprema Corte de Justicia
Subdivisión general Historia
Subdivisión geográfica México
9 (RLIN) 197749
942 ## - ELEMENTOS DE PUNTO DE ACCESO ADICIONAL (KOHA)
Fuente del sistema de clasificación o colocación Sistema de Clasificación Decimal Dewey
Tipo de ítem Koha Libro (general)
Existencias
Estado de retiro Estado de pérdida Fuente del sistema de clasificación o colocación No para préstamo Código de colección Localización permanente Fecha de adquisición Total de préstamos Signatura topográfica completa Código de barras Fecha visto por última vez Número de copia Precio válido a partir de Tipo de ítem Koha
  Disponible Sistema de Clasificación Decimal Dewey   General Biblioteca Central UNIBE 10/06/2025   345.1972 P222b 250898 28/07/2025 Ej. 1 28/07/2025 Libro (general)